000 01066nac a22003017a 4500
001 BR8301820
003 BR-BrBNA
005 20240105115645.0
008 230509b bl.|||m| |||| 00| 0 por d
040 _aBR-BrBNA
_bpor
_cBiblioteca Nacional de Agricultura
072 _aF30; F00
090 _a2121 BR8301820
100 1 _aRodrigues, J.E.L.F.
100 1 _aSampaio, N.F.
110 1 _aUnidade de Execucao de Pesquisa de Ambito Estadual de Porto Velho, RO (Brasil)
_910373
245 1 _aSelecao e avaliacao de matrizes de quaranazeiro para producao de sementes (Paulinia cupana Var. Sorbilis Mart. Duke)
260 3 _aPorto Velho, RO (Brasil):
_c1983.
300 _a7 p.
490 _aPesquisa em Andamento - Unidade de Execucao de Pesquisa de Ambito Estadual de Porto Velho (Brazil)
_vno. 35
_xISSN 0101-7039
650 _aGUARANA
650 _aSEMENTE
650 _aPROGENIE
650 _aTESTE DE PROGENIE
650 _aREPRODUCAO ASSEXUADA
650 _aRENDIMENTO
909 _a202312
_bLúcia Elande
_c55
_dLúcia Elande
942 _2AGRIS
_n0
_cMS
999 _c275780
_d275780